|
|
|
|
| LEADER |
00848nam a2200217 i 4500 |
| 001 |
10081914 |
| 003 |
GR-PaULI |
| 005 |
20220221134835.0 |
| 008 |
180531r19931958fr g d fre d |
| 020 |
|
|
|a 2070386708
|
| 040 |
|
|
|a GR-PaULI
|b gre
|c GR-PaULI
|e AACR2
|
| 082 |
0 |
4 |
|a 842.912
|2 23
|
| 100 |
1 |
|
|a Camus, Albert,
|d 1913-1960
|e συγγραφέας
|9 5480
|
| 245 |
1 |
0 |
|a Caligula /
|c Albert Camus ; edition presentee, etablie et annotee par Pierre-Louis Rey.
|
| 260 |
|
|
|a [Paris] :
|b Gallimard,
|c 1993.
|
| 300 |
|
|
|a 209 σ. ;
|c 17 εκ.
|
| 650 |
|
4 |
|a Γαλλικό δράμα
|9 101627
|y 20ός αιώνας
|
| 942 |
|
|
|2 ddc
|c BK15
|
| 952 |
|
|
|0 0
|1 0
|2 ddc
|4 0
|6 842_912000000000000_CAM
|7 0
|9 222609
|a THST
|b THST
|d 2018-05-31
|i 003312
|l 0
|o 842.912 CAM
|p 025000014598
|r 2018-05-31 00:00:00
|t 1
|v 2018.00
|w 2018-05-31
|y BK15
|
| 998 |
|
|
|c ΜΑΝΙΑ
|d 2018-05
|
| 999 |
|
|
|c 134519
|d 134519
|